ბათუმის შოთა რუსთაველის სახელმწიფო უნივერსიტეტის ბიბლიოთეკა

ჩანაწერი Personal Name

ჩანაწერთა რაოდენობა, რომელიც გამოყენებულია: 1

001 - CONTROL NUMBER

  • control field: 10844

003 - CONTROL NUMBER IDENTIFIER

  • control field: GE_BSU

005 - DATE AND TIME OF LATEST TRANSACTION

  • control field: 20210330134218.0

008 - FIXED-LENGTH DATA ELEMENTS

  • fixed length control field: 210330|| aca||aabn | a|a d

040 ## - CATALOGING SOURCE

  • Original cataloging agency: GE_BSU
  • Transcribing agency: GE_BSU

100 ## - HEADING--PERSONAL NAME

  • Personal name: თედიაშვილი, მარინა
  • Relator term: სამეცნიერო ხელმძღვანელი

670 ## - SOURCE DATA FOUND

  • Source citation: Work cat.: (GE_BSU)52492: ქოიავა, თეა 10843, აჭარაში გავრცელებული ნოზოკომიური ინფექციების გამომწვევების გამოყოფა, იდენტიფიკაცია და ანტიბიოტიკორეზისტენტობის პროფილის შესწავლა /